Normal view
MARC view
- Morgenstern, Barbara L
Entry Personal Name
001 - CONTROL NUMBER
- control field: 104444
003 - CONTROL NUMBER IDENTIFIER
- control field: NUST
005 - DATE AND TIME OF LATEST TRANSACTION
- control field: 20221208115927.0
008 - FIXED-LENGTH DATA ELEMENTS
- fixed length control field: 221208|| aca||aabn | a|a d
040 ## - CATALOGING SOURCE
- Original cataloging agency: NUST
- Transcribing agency: NUST
100 ## - HEADING--PERSONAL NAME
- Personal name: Morgenstern, Barbara L
670 ## - SOURCE DATA FOUND
- Source citation: Work cat.: (NUST)213789: Mirabito, Michael M., 104443, The new communications technologies :, c2004.
